00320cam a22000977a 4500008003600000082001500036245006200051260003700113500003800150700003400188180718b xxu||||| |||| 00| 0 eng d aY26x54 In2 aNational energy policycby Lok Sabha Secretatariat, India aDelhibLok Sabha Secretatariatc aContents : Library has 1987, 1989 aIndia.Lok Sabha Secretatariat